| 000 | 00683nam a22002177a 4500 | ||
|---|---|---|---|
| 003 | UA-OsUOA | ||
| 001 | 89169 | ||
| 007 | ta | ||
| 008 | 20121101b un ||||| |||| 00| 0 ukr d | ||
| 100 | _aБатура С. | ||
| 090 |
_a32 _bБ28 |
||
| 942 | _cSA | ||
| 040 |
_aUA-OsUOA _bukr _cUA-OsUOA _dUA-OsUOA |
||
| 245 | _aСтановлення виборчої системи до Європейського парламенту: порівняльно-правовий аналіз міжнародно-правових актів | ||
| 300 | _aС.2-5 | ||
| 955 | _a0 | ||
| 041 | _aukr | ||
| 080 | _a32 | ||
| 773 | 0 |
_w89168 _tВіче _dК. _d2012 _g20 |
|
| 650 | 7 |
_a32 Політика _2UDC |
|
| 999 |
_c375447 _d375447 |
||